000 00571nam a2200229 a 4500
999 _c5911
_d5911
001 5911
003 BD-JhCC
005 20171231120350.0
008 171230s1964 bg |||| ||a| 000 0 eng d
035 _a(BD-JhCC)5911
040 _aBD-JhCC
_dBD-JhCC
041 _aeng
082 _a297
_bCRA 1964
100 _aCragg, Kenneth
245 _aThe Call Of The Minaret /
_cKenneth Cragg
260 _aNew York :
_bOxford University Press,
_c1964.
300 _a375 p. :
_c21 cm.
650 _aIslam
650 _aInterfaith relations
942 _2ddc
_cBK